Vista normal
Vista MARC
Entrada Materia (personas)
Número de registros utilizados en: 3
001 - CONTROL NUMBER
- control field: 79501
003 - CONTROL NUMBER IDENTIFIER
- control field: Co-BoUCM
005 - DATE AND TIME OF LATEST TRANSACTION
- control field: 20160831090439.0
008 - FIXED-LENGTH DATA ELEMENTS
- fixed length control field: 160831|| aca||aabn | a|a d
040 ## - CATALOGING SOURCE
- Original cataloging agency: Co-BoUCM
- Transcribing agency: Co-BoUCM
100 ## - HEADING--PERSONAL NAME
- Personal name: del Río, Pilar
670 ## - SOURCE DATA FOUND
- Source citation: Work cat.: (Co-BoUCM)304518: Saramago, José 1922-2010 52517, Todos los nombres , 1998